000
00229 a2200109 4500
001
51071
040
_c
Anchieta - Pituba
240
1
0
_a
Pluralidade Cultural
_l
245
1
0
_a
Pluralidade Cultural
650
4
_a
Educação
942
_c
MX
999
_c
51071
_d
51071